00685nam a22001577a 4500003000900000005001700009008004100026040001300067100003700080245006300117250001100180260006800191300001800259490006100277520018900338IT-RoPau20220918181105.0130506b xxu||||| |||| 00| 0 eng d cIT-RoPau aCentro di spiritualità paolina a"Camminiamo anche noi in novità di vita" .b(Rom. VI, 4) a1° ed aRomabCentro di spiritualità paolina Casa Divin Maestroc1975 a32 pp.c28 cm a"Camminiamo in novità di vita"vn° 20 - Dicembre 1975 aSommario I. Leggiamo san Paolo, n° 8 II. Testimonianze sullo "spirito paolino". Ricordi e riflessioni di don Paolo Marcellino (seconda puntata). III. Dialogo nella Famiglia Paolina.